<?xml version="1.0" encoding="UTF-8"?>
<record
    xmlns:xsi="http://www.w3.org/2001/XMLSchema-instance"
    xsi:schemaLocation="http://www.loc.gov/MARC21/slim http://www.loc.gov/standards/marcxml/schema/MARC21slim.xsd"
    xmlns="http://www.loc.gov/MARC21/slim">

  <leader>01243aab a2200193 i 4500</leader>
  <controlfield tag="001">768714001</controlfield>
  <controlfield tag="003">CO-MdFUSB</controlfield>
  <controlfield tag="005">20240322163613.0</controlfield>
  <controlfield tag="008">240322t1992    ag ||||| |||| 00| 0 spa d</controlfield>
  <datafield tag="040" ind1=" " ind2=" ">
    <subfield code="b">spa</subfield>
    <subfield code="c">CO-MdFUSB</subfield>
  </datafield>
  <datafield tag="041" ind1=" " ind2=" ">
    <subfield code="a">spa</subfield>
  </datafield>
  <datafield tag="100" ind1="1" ind2=" ">
    <subfield code="a">Padilla, C. Ren&#xE9;</subfield>
    <subfield code="e">autor</subfield>
  </datafield>
  <datafield tag="245" ind1="1" ind2="0">
    <subfield code="a">Misi&#xF3;n y plenitud de vida</subfield>
    <subfield code="c">/ C. Ren&#xE9; Padilla</subfield>
  </datafield>
  <datafield tag="300" ind1=" " ind2=" ">
    <subfield code="a">Volumen 11, n&#xFA;mero 1 (enero - marzo, 1992), p&#xE1;ginas: 4 - 5</subfield>
    <subfield code="c">; 27 cm</subfield>
  </datafield>
  <datafield tag="520" ind1=" " ind2=" ">
    <subfield code="a">De todas las definiciones de la misi&#xF3;n de Jesucristo que pueden derivarse de la ense&#xF1;anza b&#xED;blica, una de las m&#xE1;s pre&#xF1;adas de sentido es la que ubica la vida en el centro mismo de la misi&#xF3;n.
Jes&#xFA;s dijo "Yo he venido para que tengan vida, y para que la tengan en abundancia"  (Juan 10:10b).
Vida en abundancia. Plenitud de vida, En el Antiguo Testamento se expresa este concepto con el t&#xE9;rmino Shalom. Literalmente Shalom significa paz, pero no en el sentido restringido de ausencia de guerra o conflicto, sino con la connotaci&#xF3;n de completo bienestar, de vida en armon&#xED;a con Dios, con la creaci&#xF3;n y con el pr&#xF3;jimo.</subfield>
  </datafield>
  <datafield tag="653" ind1=" " ind2=" ">
    <subfield code="a">Plenitud de vida</subfield>
  </datafield>
  <datafield tag="773" ind1="0" ind2=" ">
    <subfield code="t">Iglesia y Misi&#xF3;n</subfield>
    <subfield code="0">49402</subfield>
    <subfield code="9">59656</subfield>
    <subfield code="g">Volumen 11, n&#xFA;mero 1 (enero - marzo, 1992), p&#xE1;ginas: 4 - 5</subfield>
    <subfield code="q">p&#xE1;ginas: 4</subfield>
  </datafield>
  <datafield tag="942" ind1=" " ind2=" ">
    <subfield code="c">ANA</subfield>
  </datafield>
  <datafield tag="999" ind1=" " ind2=" ">
    <subfield code="c">51944</subfield>
    <subfield code="d">51944</subfield>
  </datafield>
</record>
